00289pab a2200121 454500008004000000100001600040245002300056260000900079300001300088362001000101650002200111773003400133180718b2014 xxu||||| |||| 00| 0 eng d aVivek Kumar aWhose cleanliness? c2014 ap.13-15. a1 Nov aUrban development aEconomic and Political Weekly